000 00208 a2200097 4500
001 12038
100 _aGordon, F.L.
245 _aHeroes of the twentieth
260 _a
_bOdhams books
_c
090 _c9290
_d9290
942 _aNUST-CAE
_cM
_c36145
999 _c247111
_d247111